LIBRARY & INFORMATION CENTRE, KCAET, TAVANUR

ONLINE PUBLIC ACCESS CATALOGUE (OPAC)

Geetabod / (Record no. 12034)

MARC details
000 -LEADER
fixed length control field 00421cam a2200181ua 4500
041 ## - LANGUAGE CODE
Language code of text/sound track or separate title hin
082 ## - DEWEY DECIMAL CLASSIFICATION NUMBER
Classification number 891.54
Item number GAN/GE
100 ## - MAIN ENTRY--AUTHOR NAME
Personal name Gandhiji, .
245 ## - TITLE STATEMENT
Title Geetabod /
250 ## - EDITION STATEMENT
Edition statement 1 /
260 ## - PUBLICATION, DISTRIBUTION, ETC. (IMPRINT)
Place of publication Ahamadabad :
Name of publisher Navjeevan prakashan mandir ,
Year of publication 1960.
300 ## - PHYSICAL DESCRIPTION
Number of Pages 70 ; .
942 ## - ADDED ENTRY ELEMENTS (KOHA)
Koha item type Books
Holdings
Withdrawn status Lost status Damaged status Home library Current library Date acquired Full call number Accession Number Koha item type
Withdrawn     KAUAET Kelappaji 07/04/2012 891.54 GAN/GE 3234 Books
free website counter